[Event "Anapa Zarembo Memorial"]
[Site "Anapa"]
[Date "2012.06.03"]
[Round "3"]
[White "Chapliev, Aleksandr"]
[Black "Bagdasarian, Semen"]
[Result "1-0"]
[WhiteElo "2322"]
[BlackElo "1893"]
[PlyCount "75"]
[EventDate "2012.06.01"]
[EventType "swiss"]
[EventRounds "9"]
[EventCountry "RUS"]
[SourceTitle "EXT 2014"]
[Source "ChessBase"]
[SourceDate "2013.11.20"]
[SourceVersion "1"]
[SourceVersionDate "2013.11.20"]
[SourceQuality "1"]

1. d4 Nf6 2. c4 g6 3. f3 d5 4. cxd5 Nxd5 5. e4 Nb6 6. Nc3 Bg7 7. Be3 Nc6 8. Bb5 Bd7 9. Nge2 0-0 10. b3 Nc8 11. e5 Nb8 12. Bc4 c5 13. e6 Bxe6 14. Bxe6 fxe6 15. dxc5 Qa5 16. Qd3 Na6 17. Qc4 Nc7 18. b4 Qa6 19. Qxa6 Nxa6 20. Rb1 Nc7 21. Rd1 b6 22. 0-0 bxc5 23. bxc5 a6 24. a4 Kf7 25. Rd7 Ne8 26. Ne4 h6 27. Rb1 Nf6 28. Nxf6 Kxf6 29. Rbb7 e5 30. Nc3 Ke6 31. Nd5 Re8 32. Nc7+ Kxd7 33. Nxa8+ Kc6 34. Rc7+ Kd5 35. Rxc8 Rxc8 36. Nb6+ Kc6 37. Nxc8 e6 38. Ne7+ 1-0

[Event "Krasnodar Region-ch"]
[Site "Krasnodar"]
[Date "2011.10.21"]
[Round "8"]
[White "Chapliev, Aleksandr"]
[Black "Oganian, Miran"]
[Result "1/2-1/2"]
[WhiteElo "2309"]
[BlackElo "2204"]
[PlyCount "92"]
[EventDate "2011.10.14"]
[EventType "swiss"]
[EventRounds "9"]
[EventCountry "RUS"]
[SourceTitle "EXT 2022"]
[Source "ChessBase"]
[SourceDate "2021.10.06"]
[SourceVersion "1"]
[SourceVersionDate "2021.10.06"]
[SourceQuality "1"]

1. d4 Nf6 2. c4 e6 3. Nf3 Bb4+ 4. Bd2 Qe7 5. a3 Bxd2+ 6. Nbxd2 d6 7. e4 e5 8. d5 a5 9. Bd3 0-0 10. h3 Na6 11. Bc2 Nh5 12. Nf1 Nf4 13. Ne3 Qf6 14. Ng1 g6 15. g3 Nh5 16. Qd2 Nc5 17. Ng4 Qg7 18. Ne2 Bd7 19. Rb1 a4 20. Nh6+ Kh8 21. g4 Nf4 22. g5 Nxe2 23. Qxe2 f5 24. exf5 Bxf5 25. Nxf5 gxf5 26. h4 e4 27. 0-0 Qe5 28. f4 Qd4+ 29. Kh1 Ra6 30. Rfd1 Qg7 31. Qe3 Rb6 32. Qc3 Qxc3 33. bxc3 Rxb1 34. Rxb1 h5 35. Kg2 Kg7 36. Kf2 Kg6 37. Ke3 Ra8 38. Rg1 Rb8 39. Rb1 Ra8 40. Bd1 b6 41. Be2 Rf8 42. Rg1 Rh8 43. Bd1 Rh7 44. Bc2 Rh8 45. Rg2 Rd8 46. Bd1 Rh8 1/2-1/2

[Event "Krasnodar Region-ch"]
[Site "Krasnodar"]
[Date "2011.10.17"]
[Round "4"]
[White "Rjabzev, Konstantin"]
[Black "Chapliev, Aleksandr"]
[Result "1/2-1/2"]
[WhiteElo "2212"]
[BlackElo "2309"]
[PlyCount "179"]
[EventDate "2011.10.14"]
[EventType "swiss"]
[EventRounds "9"]
[EventCountry "RUS"]
[SourceTitle "EXT 2022"]
[Source "ChessBase"]
[SourceDate "2021.10.06"]
[SourceVersion "1"]
[SourceVersionDate "2021.10.06"]
[SourceQuality "1"]

1. e4 c5 2. b3 e6 3. Bb2 Nc6 4. Nf3 d5 5. Bb5 dxe4 6. Ne5 Bd7 7. Bxc6 Bxc6 8. Nxc6 bxc6 9. Qe2 f5 10. Qh5+ Ke7 11. Na3 Nf6 12. Qg5 Kf7 13. Nc4 Bd6 14. Bxf6 gxf6 15. Qh5+ Ke7 16. 0-0-0 Be5 17. Nxe5 fxe5 18. d3 e3 19. fxe3 Kd6 20. Rhf1 Qf6 21. e4 Qg6 22. Qh4 Rhf8 23. exf5 exf5 24. Rf3 Rf7 25. Rdf1 h5 26. Rg3 Qh6+ 27. Kb1 f4 28. Rg5 Rh8 29. Re1 Re7 30. Rf5 Qg7 31. Rf6+ Kc7 32. Rxf4 Rhe8 33. Rfe4 Qxg2 34. Qxh5 Qd2 35. Rf1 Kb6 36. Rf7 Rg8 37. Rf1 Rg2 38. Qd1 Qxd1+ 39. Rxd1 Rxh2 40. Rde1 Rh5 41. Kb2 Kc7 42. Rg1 Rf5 43. Rg6 Kb6 44. Rh4 a5 45. Rhh6 Rc7 46. Kc3 a4 47. bxa4 Rf4 48. a5+ Kb5 49. Re6 Ra4 50. Rxe5 Rxa2 51. d4 Ra3+ 52. Kb2 Rxa5 53. Rxc5+ Kb6 54. Rxa5 Kxa5 55. Kb3 Rd7 56. Kc4 Kb6 57. c3 Rd5 58. Re6 Ra5 59. Kd3 Ra1 60. Rg6 Kc7 61. c4 Rd1+ 62. Kc3 Rh1 63. Rg7+ Kb6 64. c5+ Ka6 65. Rc7 Rh6 66. Kc4 Rg6 67. Kb4 Rh6 68. Kc3 Rh4 69. Rf7 Rh1 70. Rf3 Kb7 71. Rf7+ Ka6 72. Re7 Rc1+ 73. Kd3 Rd1+ 74. Kc3 Rc1+ 75. Kd2 Rh1 76. Re1 Rh2+ 77. Kd3 Kb7 78. Re7+ Ka6 79. Rc7 Rh6 80. Re7 Rh1 81. Re6 Kb7 82. Ke4 Rh4+ 83. Ke5 Rh5+ 84. Kf6 Rh6+ 85. Ke7 Rh4 86. d5 cxd5 87. Kd6 Rh7 88. c6+ Kb6 89. Kxd5 Rh1 90. c7+ 1/2-1/2

[Event "Anapa"]
[Site "Anapa"]
[Date "2011.09.08"]
[Round "9"]
[White "Chapliev, Aleksandr"]
[Black "Fomichenko, Svetlana"]
[Result "1/2-1/2"]
[WhiteElo "2314"]
[BlackElo "2246"]
[PlyCount "40"]
[EventDate "2011.08.31"]
[EventType "tourn"]
[EventRounds "11"]
[EventCountry "RUS"]
[EventCategory "2"]
[SourceTitle "EXT 2013"]
[Source "ChessBase"]
[SourceDate "2012.11.22"]
[SourceVersion "1"]
[SourceVersionDate "2012.11.22"]
[SourceQuality "1"]

1. d4 f5 2. Nc3 e6 3. e4 fxe4 4. Nxe4 Nf6 5. Nxf6+ Qxf6 6. Nf3 Nc6 7. Bg5 Qf7 8. c3 Be7 9. Bd3 Bf6 10. Qc2 Ne7 11. h4 h6 12. Bd2 d6 13. 0-0-0 Bd7 14. g4 g6 15. g5 Bg7 16. gxh6 Bxh6 17. Ng5 Bxg5 18. Bxg5 0-0-0 19. Rh3 Rdf8 20. Be4 Nf5 1/2-1/2

[Event "Anapa"]
[Site "Anapa"]
[Date "2011.09.07"]
[Round "8"]
[White "Kozak, Alexander"]
[Black "Chapliev, Aleksandr"]
[Result "1/2-1/2"]
[WhiteElo "2373"]
[BlackElo "2314"]
[PlyCount "115"]
[EventDate "2011.08.31"]
[EventType "tourn"]
[EventRounds "11"]
[EventCountry "RUS"]
[EventCategory "2"]
[SourceTitle "EXT 2013"]
[Source "ChessBase"]
[SourceDate "2012.11.22"]
[SourceVersion "1"]
[SourceVersionDate "2012.11.22"]
[SourceQuality "1"]

1. e4 c5 2. c3 d5 3. exd5 Qxd5 4. d4 cxd4 5. cxd4 Nc6 6. Nf3 e5 7. Nc3 Bb4 8. Bd2 Bxc3 9. Bxc3 exd4 10. Nxd4 Nxd4 11. Qxd4 Qxd4 12. Bxd4 Nf6 13. Bb5+ Bd7 14. Bxd7+ Kxd7 15. 0-0-0 Kc6 16. Rd3 Rac8 17. Rhd1 Rhe8 18. Kb1 b6 19. Rg3 Rg8 20. Rc1+ Kd5 21. Bc3 Ne4 22. Rd3+ Kc6 23. Bxg7+ Kb5 24. Rxc8 Rxc8 25. f3 Nc5 26. Rd2 Re8 27. Bd4 Re1+ 28. Kc2 Ne6 29. Bc3 Rg1 30. g3 Rf1 31. Rd5+ Kc4 32. Rf5 Rf2+ 33. Kd1 b5 34. Ke1 Rxh2 35. Rxf7 b4 36. Bf6 a5 37. Re7 Nc5 38. Re2 Nd3+ 39. Kd1 Rxe2 40. b3+ Kb5 41. Kxe2 Nc1+ 42. Kd2 Nxa2 43. Kc2 a4 44. Bb2 a3 45. Bg7 Kc6 46. g4 Kd5 47. f4 Kd6 48. f5 Kd5 49. g5 Kd6 50. Bf6 Kd5 51. Ba1 Kd6 52. Kd3 Nc1+ 53. Kc4 Na2 54. Bd4 Ke7 55. g6 hxg6 56. fxg6 Ke6 57. Ba1 Ke7 58. Bd4 1/2-1/2

[Event "Anapa"]
[Site "Anapa"]
[Date "2011.08.31"]
[Round "1"]
[White "Glidzhain, Gor Mikhailovich"]
[Black "Chapliev, Aleksandr"]
[Result "1/2-1/2"]
[WhiteElo "2331"]
[BlackElo "2314"]
[PlyCount "71"]
[EventDate "2011.08.31"]
[EventType "tourn"]
[EventRounds "11"]
[EventCountry "RUS"]
[EventCategory "2"]
[SourceTitle "EXT 2013"]
[Source "ChessBase"]
[SourceDate "2012.11.22"]
[SourceVersion "1"]
[SourceVersionDate "2012.11.22"]
[SourceQuality "1"]

1. e4 c5 2. Nf3 Nc6 3. Bb5 g6 4. c3 Bg7 5. d4 cxd4 6. cxd4 Nf6 7. Nc3 0-0 8. h3 d5 9. e5 Ne4 10. 0-0 Nxc3 11. bxc3 Na5 12. Bd3 Qc7 13. Bf4 Qxc3 14. Rc1 Qa3 15. Rc5 b6 16. Rc7 Qxa2 17. Bb1 Qa3 18. Bc1 Qa1 19. Bd3 Be6 20. Rxe7 Nc6 21. Bb5 Nxe7 22. Qb3 Nc6 23. Bxc6 Qa6 24. Bxa8 Rxa8 25. Ng5 Qc4 26. Qe3 Bf5 27. g4 Bd3 28. Qf3 Bxf1 29. Qxf7+ Kh8 30. Ne6 Rg8 31. Bh6 Bxh6 32. Qf6+ Bg7 33. Nxg7 Rxg7 34. Qd8+ Rg8 35. Qf6+ Rg7 36. Qd8+ 1/2-1/2

[Event "Anapa Zarembo Memorial"]
[Site "Anapa"]
[Date "2011.06.11"]
[Round "7"]
[White "Chapliev, Aleksandr"]
[Black "Zhevna, Vladislav"]
[Result "1-0"]
[WhiteElo "2300"]
[BlackElo "2300"]
[PlyCount "65"]
[EventDate "2011.06.03"]
[EventType "tourn"]
[EventRounds "9"]
[EventCountry "RUS"]
[SourceTitle "EXT 2012"]
[Source "ChessBase"]
[SourceDate "2011.11.24"]
[SourceVersion "1"]
[SourceVersionDate "2011.11.24"]
[SourceQuality "1"]

1. d4 e6 2. c4 f5 3. Nc3 Nf6 4. h4 c6 5. h5 d5 6. Bg5 Be7 7. e3 Nbd7 8. Nh3 Ne4 9. Bxe7 Qxe7 10. Nf4 Ndf6 11. Qb3 0-0 12. f3 Ng3 13. Rh3 Nxf1 14. Kxf1 b6 15. Kf2 Bd7 16. Rah1 Be8 17. Nd3 Rd8 18. Ne5 Ng4+ 19. Nxg4 fxg4 20. Rg3 gxf3 21. gxf3 e5 22. cxd5 Bf7 23. Rhg1 Bxd5 24. Nxd5 cxd5 25. Rxg7+ Qxg7 26. Rxg7+ Kxg7 27. dxe5 d4 28. h6+ Kxh6 29. Qe6+ Kg7 30. Qg4+ Kh8 31. exd4 Rg8 32. Qh4 Rdf8 33. e6 1-0

[Event "Anapa Zarembo Memorial"]
[Site "Anapa"]
[Date "2011.06.10"]
[Round "6"]
[White "Konovalov, Eduard"]
[Black "Chapliev, Aleksandr"]
[Result "0-1"]
[WhiteElo "2006"]
[BlackElo "2300"]
[PlyCount "70"]
[EventDate "2011.06.03"]
[EventType "tourn"]
[EventRounds "9"]
[EventCountry "RUS"]
[SourceTitle "EXT 2012"]
[Source "ChessBase"]
[SourceDate "2011.11.24"]
[SourceVersion "1"]
[SourceVersionDate "2011.11.24"]
[SourceQuality "1"]

1. d4 Nf6 2. Bg5 d5 3. e3 e6 4. Nd2 Be7 5. Bd3 b6 6. f4 Bb7 7. Bxf6 Bxf6 8. Ngf3 Nd7 9. 0-0 c5 10. c3 g6 11. Ne5 0-0 12. Ndf3 Bg7 13. Nxd7 Qxd7 14. g4 a5 15. Ne5 Qe7 16. Qe1 Ba6 17. Bxa6 Rxa6 18. Nf3 h6 19. h4 b5 20. h5 gxh5 21. gxh5 Qf6 22. Ne5 Qf5 23. Qe2 Kh8 24. Kh2 Bxe5 25. fxe5 Qg5 26. Qf3 Kh7 27. Qh3 cxd4 28. cxd4 Rc6 29. Rf2 Rg8 30. Rxf7+ Kh8 31. Rf2 Rc7 32. Raf1 Rcg7 33. Qxe6 Qg3+ 34. Kh1 Qh4+ 35. Rh2 Qe4+ 0-1

[Event "Anapa Zarembo Memorial"]
[Site "Anapa"]
[Date "2011.06.08"]
[Round "5"]
[White "Chapliev, Aleksandr"]
[Black "Bagdasarian, Semen"]
[Result "1-0"]
[WhiteElo "2300"]
[BlackElo "1897"]
[PlyCount "85"]
[EventDate "2011.06.03"]
[EventType "tourn"]
[EventRounds "9"]
[EventCountry "RUS"]
[SourceTitle "EXT 2012"]
[Source "ChessBase"]
[SourceDate "2011.11.24"]
[SourceVersion "1"]
[SourceVersionDate "2011.11.24"]
[SourceQuality "1"]

1. d4 Nf6 2. c4 g6 3. Nc3 d5 4. cxd5 Nxd5 5. Bd2 Bg7 6. e4 Nxc3 7. Bxc3 0-0 8. h4 Nc6 9. d5 Ne5 10. f4 Ng4 11. Bxg7 Kxg7 12. h5 Qd6 13. Qd4+ e5 14. fxe5 Qxe5 15. Qxe5+ Nxe5 16. Rc1 c6 17. hxg6 hxg6 18. dxc6 Nxc6 19. Nf3 Re8 20. Bd3 f5 21. e5 Nxe5 22. Rc7+ Kf6 23. Nxe5 Rxe5+ 24. Kd2 Re7 25. Rxe7 Kxe7 26. Rh8 b6 27. Ba6 Kd7 28. Ke3 g5 29. Kd4 Bxa6 30. Rxa8 Ke6 31. Rxa7 Be2 32. a4 f4 33. Rb7 Kf5 34. Rxb6 Bf1 35. a5 Bxg2 36. a6 Kg4 37. a7 Kg3 38. Rb8 g4 39. a8Q Bxa8 40. Rxa8 Kf3 41. Rg8 g3 42. Ke5 g2 43. b4 1-0

[Event "Krasnodar Region-ch"]
[Site "Krasnodar"]
[Date "2010.10.20"]
[Round "5"]
[White "Piven, Vladimir"]
[Black "Chapliev, Aleksandr"]
[Result "0-1"]
[WhiteElo "2037"]
[BlackElo "2340"]
[PlyCount "102"]
[EventDate "2010.10.16"]
[EventType "swiss"]
[EventRounds "9"]
[EventCountry "RUS"]
[SourceTitle "EXT 2022"]
[Source "ChessBase"]
[SourceDate "2021.10.06"]
[SourceVersion "1"]
[SourceVersionDate "2021.10.06"]
[SourceQuality "1"]

1. c4 Nf6 2. Nc3 e6 3. Nf3 d5 4. d4 b6 5. Bg5 Be7 6. e3 Bb7 7. Bxf6 Bxf6 8. cxd5 exd5 9. Bb5+ Nd7 10. 0-0 0-0 11. Qa4 Nb8 12. Rac1 g6 13. Ne2 c6 14. Bd3 b5 15. Qc2 Nd7 16. Nd2 Rc8 17. Nb3 a5 18. Qd2 a4 19. Nc5 Nxc5 20. Rxc5 Qb6 21. Nf4 Be7 22. Rcc1 c5 23. dxc5 Bxc5 24. Be2 d4 25. exd4 Bxd4 26. Bxb5 Rcd8 27. Qe2 Qf6 28. Qg4 Bxb2 29. Rcd1 Rxd1 30. Rxd1 h5 31. Qg3 Be5 32. Nxh5 Qf5 33. f4 Qxh5 34. Bxa4 Bc7 35. Bb3 Qf5 36. Qg5 Bxf4 37. Qxf5 gxf5 38. Kf2 Bxh2 39. Bd5 Bxd5 40. Rxd5 Ra8 41. Rd2 Ra5 42. Ke2 Kg7 43. Kd1 Kf6 44. g4 Bf4 45. Rf2 Kg5 46. gxf5 Kxf5 47. Rb2 Kg4 48. Ke2 f5 49. Kf2 Bg3+ 50. Kg2 f4 51. Kf1 Ra3 0-1

[Event "Anapa"]
[Site "Anapa"]
[Date "2010.09.10"]
[Round "11"]
[White "Chapliev, Aleksandr"]
[Black "Zhitnikov, Sergey"]
[Result "1-0"]
[WhiteElo "2322"]
[BlackElo "2348"]
[PlyCount "53"]
[EventDate "2010.08.31"]
[EventType "tourn"]
[EventRounds "11"]
[EventCountry "RUS"]
[EventCategory "1"]
[SourceTitle "CBM 138 Extra"]
[Source "ChessBase"]
[SourceDate "2010.10.29"]
[SourceVersion "1"]
[SourceVersionDate "2010.10.29"]
[SourceQuality "1"]

1. d4 Nf6 2. c4 d6 3. Nc3 Nbd7 4. e4 e5 5. d5 Be7 6. Be3 Nc5 7. f3 a5 8. g4 h5 9. g5 Nh7 10. h4 f6 11. f4 Nf8 12. f5 fxg5 13. hxg5 Bxg5 14. Bxc5 dxc5 15. Rxh5 Bh4+ 16. Kd2 Rg8 17. Kc2 g6 18. fxg6 Qf6 19. Nb5 Kd8 20. Be2 Nxg6 21. Rh7 Nf4 22. d6 cxd6 23. Nxd6 Ne6 24. Nxb7+ Ke8 25. Bh5+ Kf8 26. Qd6+ Qe7 27. Rf7+ 1-0

[Event "Anapa"]
[Site "Anapa"]
[Date "2010.09.03"]
[Round "4"]
[White "Chapliev, Aleksandr"]
[Black "Magomedov, Murad"]
[Result "1-0"]
[WhiteElo "2322"]
[BlackElo "2319"]
[PlyCount "49"]
[EventDate "2010.08.31"]
[EventType "tourn"]
[EventRounds "11"]
[EventCountry "RUS"]
[EventCategory "1"]
[SourceTitle "CBM 138 Extra"]
[Source "ChessBase"]
[SourceDate "2010.10.29"]
[SourceVersion "1"]
[SourceVersionDate "2010.10.29"]
[SourceQuality "1"]

1. d4 e5 2. dxe5 Nc6 3. Nf3 Qe7 4. Bd2 Nxe5 5. Nxe5 Qxe5 6. Bc3 Qg5 7. h4 Qg4 8. Rh3 Nh6 9. Re3+ Kd8 10. Nd2 Bc5 11. Re4 Qf5 12. e3 f6 13. Bd3 d6 14. Re7 Kxe7 15. Bxf5 Bxf5 16. Qf3 c6 17. Ne4 Kf7 18. Nxc5 dxc5 19. Qh5+ Ke6 20. e4 Bxe4 21. 0-0-0 Rhe8 22. Qxc5 b6 23. Rd6+ Kf7 24. Qc4+ Bd5 25. Rxd5 1-0

[Event "Anapa"]
[Site "Anapa"]
[Date "2010.09.01"]
[Round "2"]
[White "Chapliev, Aleksandr"]
[Black "Baraeva, Irina"]
[Result "1-0"]
[WhiteElo "2322"]
[BlackElo "2040"]
[PlyCount "47"]
[EventDate "2010.08.31"]
[EventType "tourn"]
[EventRounds "11"]
[EventCountry "RUS"]
[EventCategory "1"]
[SourceTitle "CBM 138 Extra"]
[Source "ChessBase"]
[SourceDate "2010.10.29"]
[SourceVersion "1"]
[SourceVersionDate "2010.10.29"]
[SourceQuality "1"]

1. d4 d5 2. c4 c6 3. e3 Nf6 4. Nc3 a6 5. a4 e6 6. c5 Nbd7 7. f4 Be7 8. a5 Ne4 9. Nxe4 dxe4 10. Bc4 f5 11. Qb3 Nf8 12. Ne2 Bf6 13. Nc3 Kf7 14. Bd2 Ng6 15. g4 Bh4+ 16. Ke2 Ke7 17. Rhg1 Qe8 18. Na4 h6 19. Nb6 Rb8 20. Nxc8+ Rxc8 21. Bxe6 fxg4 22. f5 Rc7 23. Rxg4 Nf8 24. Rxh4 1-0

[Event "Anapa"]
[Site "Anapa"]
[Date "2010.08.31"]
[Round "1"]
[White "Romcovici, Victor"]
[Black "Chapliev, Aleksandr"]
[Result "1-0"]
[WhiteElo "2223"]
[BlackElo "2322"]
[PlyCount "81"]
[EventDate "2010.08.31"]
[EventType "tourn"]
[EventRounds "11"]
[EventCountry "RUS"]
[EventCategory "1"]
[SourceTitle "CBM 138 Extra"]
[Source "ChessBase"]
[SourceDate "2010.10.29"]
[SourceVersion "1"]
[SourceVersionDate "2010.10.29"]
[SourceQuality "1"]

1. d4 c5 2. e3 e6 3. Nf3 Nf6 4. Bd3 d5 5. b3 cxd4 6. exd4 Nc6 7. c3 Bd6 8. 0-0 Qc7 9. Ba3 Ne4 10. Bxe4 dxe4 11. Bxd6 Qxd6 12. Nfd2 f5 13. Qh5+ g6 14. Qh6 Qf8 15. Qf4 Qg7 16. Na3 0-0 17. f3 e5 18. dxe5 g5 19. Qe3 Rd8 20. fxe4 f4 21. Qf2 Nxe5 22. Nf3 Ng4 23. Qc5 Ne3 24. Rf2 h6 25. Nd4 Bg4 26. h3 Rdc8 27. Qa5 Bd7 28. Nac2 b6 29. Qb4 a5 30. Qd6 Kh8 31. Nxe3 fxe3 32. Rf6 Kh7 33. Raf1 e2 34. Nxe2 Rc6 35. Qd4 Rxf6 36. Rxf6 Re8 37. Ng3 Qe7 38. Nh5 Qc5 39. Rd6 Re7 40. Qxc5 bxc5 41. Rxd7 1-0

[Event "Krasnodar Region-ch"]
[Site "Slaviansk na Kubani"]
[Date "2009.10.17"]
[Round "3"]
[White "Bondarev, Boris"]
[Black "Chapliev, Aleksandr"]
[Result "0-1"]
[WhiteElo "2121"]
[BlackElo "2320"]
[PlyCount "64"]
[EventDate "2009.10.17"]
[EventType "swiss"]
[EventRounds "9"]
[EventCountry "RUS"]
[SourceTitle "EXT 2013"]
[Source "ChessBase"]
[SourceDate "2012.11.22"]
[SourceVersion "1"]
[SourceVersionDate "2012.11.22"]
[SourceQuality "1"]

1. e4 c5 2. Nf3 Nc6 3. Bc4 g6 4. c3 e5 5. d3 Bg7 6. Ng5 Nh6 7. h4 f6 8. Nh3 d6 9. f3 Qd7 10. Qb3 a6 11. Bd5 Nf7 12. Na3 0-0 13. g4 Qc7 14. h5 Ne7 15. hxg6 hxg6 16. Nf2 Nxd5 17. Qxd5 Qe7 18. Qb3 Be6 19. Qd1 d5 20. exd5 Bxd5 21. Ne4 f5 22. gxf5 gxf5 23. c4 Bc6 24. Nc3 e4 25. fxe4 fxe4 26. Nxe4 Bxe4 27. Qe2 Bxh1 28. Qxe7 Rae8 29. Qe2 Bf3 30. Qxe8 Rxe8+ 31. Kf2 Bh5 32. Be3 Ne5 0-1

[Event "Krasnodar Region-ch"]
[Site "Slaviansk na Kubani"]
[Date "2009.10.17"]
[Round "6"]
[White "Chapliev, Aleksandr"]
[Black "Oganian, Miran"]
[Result "1-0"]
[WhiteElo "2320"]
[BlackElo "2024"]
[PlyCount "53"]
[EventDate "2009.10.17"]
[EventType "swiss"]
[EventRounds "9"]
[EventCountry "RUS"]
[SourceTitle "EXT 2013"]
[Source "ChessBase"]
[SourceDate "2012.11.22"]
[SourceVersion "1"]
[SourceVersionDate "2012.11.22"]
[SourceQuality "1"]

1. d4 Nf6 2. Nf3 e6 3. c4 b6 4. e3 Bb7 5. Bd3 d5 6. cxd5 exd5 7. Nc3 Be7 8. Qc2 0-0 9. g4 Re8 10. Ne5 h6 11. h4 Ne4 12. Nxe4 dxe4 13. Bc4 Bd5 14. g5 h5 15. Qb3 Bxc4 16. Qxc4 Rf8 17. g6 Qd6 18. Bd2 c6 19. Rg1 Qd5 20. gxf7+ Kh7 21. Qe2 g6 22. Rxg6 Qxe5 23. dxe5 Kxg6 24. e6 b5 25. 0-0-0 Na6 26. Rg1+ Kh6 27. Bc3 1-0

[Event "Krasnodar Region-ch"]
[Site "Slaviansk na Kubani"]
[Date "2009.10.17"]
[Round "4"]
[White "Chapliev, Aleksandr"]
[Black "Oganyan, Arsen"]
[Result "1/2-1/2"]
[WhiteElo "2320"]
[BlackElo "2209"]
[PlyCount "108"]
[EventDate "2009.10.17"]
[EventType "swiss"]
[EventRounds "9"]
[EventCountry "RUS"]
[SourceTitle "EXT 2013"]
[Source "ChessBase"]
[SourceDate "2012.11.22"]
[SourceVersion "1"]
[SourceVersionDate "2012.11.22"]
[SourceQuality "1"]

1. d4 Nf6 2. Nf3 e6 3. c4 b6 4. e3 Bb7 5. Bd3 Be7 6. Nc3 d5 7. cxd5 exd5 8. Qc2 0-0 9. Ng5 h6 10. h4 c5 11. Bd2 Nc6 12. dxc5 Nb4 13. Bh7+ Kh8 14. Qf5 Bc8 15. Qb1 bxc5 16. Ne2 Bd6 17. a3 Nc6 18. Qc2 Qe7 19. 0-0-0 g6 20. Bc3 Be5 21. h5 Bf5 22. e4 Nxh7 23. Bxe5+ Qxe5 24. exf5 Nxg5 25. hxg6 Kg7 26. f4 Qe3+ 27. Kb1 Ne4 28. Rh3 Qf2 29. Rdh1 Rh8 30. g4 Nd4 31. Nxd4 Qxd4 32. g5 hxg5 33. Rh7+ Rxh7 34. Rxh7+ Kg8 35. Qh2 Nc3+ 36. Kc2 fxg6 37. bxc3 Qe4+ 38. Kd2 Qxf4+ 39. Qxf4 gxf4 40. fxg6 f3 41. Ke3 Rf8 42. Kf2 a6 43. Rc7 d4 44. Rxc5 dxc3 45. Rxc3 Rf6 46. Rxf3 Rxg6 47. Ke3 Kg7 48. Kd4 Rf6 49. Re3 Kf7 50. Kd5 Rh6 51. Kc5 Re6 52. Rd3 Ke7 53. a4 Rh6 54. a5 Rg6 1/2-1/2

[Event "Anapa op"]
[Site "Anapa"]
[Date "2009.09.08"]
[Round "9"]
[White "Karamanov, Dmitry"]
[Black "Chapliev, Aleksandr"]
[Result "0-1"]
[WhiteElo "2199"]
[BlackElo "2302"]
[PlyCount "82"]
[EventDate "2009.08.31"]
[EventType "swiss"]
[EventRounds "9"]
[EventCountry "RUS"]
[SourceTitle "CBM 132 Extra"]
[Source "ChessBase"]
[SourceDate "2009.11.03"]
[SourceVersion "1"]
[SourceVersionDate "2009.11.03"]
[SourceQuality "1"]

1. d4 Nf6 2. c4 c5 3. d5 b5 4. cxb5 e6 5. dxe6 fxe6 6. Nf3 d5 7. e3 Bd6 8. Be2 0-0 9. Nc3 Bb7 10. Ng5 Qe7 11. f4 Nbd7 12. Bf3 h6 13. Nh3 Nb6 14. Nf2 Rad8 15. Qe2 e5 16. fxe5 Bxe5 17. 0-0 Ne4 18. Ncxe4 dxe4 19. Bg4 Qh4 20. Bh3 Bd5 21. Qg4 Qf6 22. g3 Bc4 23. Nxe4 Qxf1+ 24. Bxf1 Rxf1+ 25. Kg2 Rdf8 26. a4 Bd5 27. Kh3 h5 28. Qg6 Bf7 29. Qg5 Be6+ 30. Kg2 R1f5 31. Qh4 Bd5 32. Kh3 Rf2 33. Nxf2 Rxf2 34. Qxh5 Be6+ 35. Qg4 Bxg4+ 36. Kxg4 Nd5 37. a5 Nf6+ 38. Kh3 g5 39. b6 g4+ 40. Kh4 Rxh2+ 41. Kg5 Kf7 0-1

[Event "Anapa op"]
[Site "Anapa"]
[Date "2009.09.05"]
[Round "6"]
[White "Chapliev, Aleksandr"]
[Black "Furtuna, Alexei"]
[Result "1/2-1/2"]
[WhiteElo "2302"]
[BlackElo "2318"]
[PlyCount "61"]
[EventDate "2009.08.31"]
[EventType "swiss"]
[EventRounds "9"]
[EventCountry "RUS"]
[SourceTitle "CBM 132 Extra"]
[Source "ChessBase"]
[SourceDate "2009.11.03"]
[SourceVersion "1"]
[SourceVersionDate "2009.11.03"]
[SourceQuality "1"]

1. e4 c5 2. Nf3 e6 3. d4 cxd4 4. Nxd4 Nc6 5. Nc3 Qc7 6. Be3 a6 7. Qd2 Nf6 8. f3 Bb4 9. 0-0-0 Ne7 10. Nde2 d5 11. Bg5 dxe4 12. Bxf6 gxf6 13. fxe4 Ng6 14. Kb1 Be7 15. Nc1 Bd7 16. Qf2 Qc5 17. Rd4 Qa7 18. Nb3 b5 19. a3 Rb8 20. Qg3 Rc8 21. Be2 Qc7 22. Qxc7 Rxc7 23. Rhd1 Ne5 24. a4 bxa4 25. Nxa4 Bb5 26. Bxb5+ axb5 27. Nc3 Rb7 28. Nc5 Rc7 29. Na6 Rc6 30. Nb8 Rc7 31. Na6 1/2-1/2

[Event "Anapa op"]
[Site "Anapa"]
[Date "2009.09.03"]
[Round "4"]
[White "Chapliev, Aleksandr"]
[Black "Malin, Denis Sergeevich"]
[Result "1/2-1/2"]
[WhiteElo "2302"]
[BlackElo "2040"]
[PlyCount "109"]
[EventDate "2009.08.31"]
[EventType "swiss"]
[EventRounds "9"]
[EventCountry "RUS"]
[SourceTitle "CBM 132 Extra"]
[Source "ChessBase"]
[SourceDate "2009.11.03"]
[SourceVersion "1"]
[SourceVersionDate "2009.11.03"]
[SourceQuality "1"]

1. e4 e5 2. Nf3 Nf6 3. Nc3 Nc6 4. Bc4 Nxe4 5. Nxe4 d5 6. Bb5 dxe4 7. Nxe5 Qd5 8. Bxc6+ bxc6 9. d4 exd3 10. 0-0 dxc2 11. Qxc2 Bd6 12. Nc4 0-0 13. Nxd6 Qxd6 14. Be3 Qf6 15. Rad1 Bf5 16. Qc5 Be4 17. Rd4 Rfe8 18. f3 Bd5 19. Rg4 Qe7 20. Kf2 Qxc5 21. Bxc5 Bxa2 22. Ra4 Bd5 23. Rxa7 Rxa7 24. Bxa7 f6 25. Re1 Kf7 26. Be3 Rb8 27. Re2 g5 28. Bd4 h5 29. Bc3 Rd8 30. Ba5 Rd7 31. Bb4 Be6 32. Rc2 Bd5 33. Rc1 Rd8 34. Ra1 Rb8 35. Bc3 Re8 36. Ra4 Ke6 37. h4 Rg8 38. hxg5 fxg5 39. Ra1 Rf8 40. Re1+ Kf5 41. Re5+ Kg6 42. Bd2 Rf5 43. Re8 h4 44. Rh8 Kg7 45. Bc3+ Kg6 46. Ke3 Rf7 47. Rg8+ Kf5 48. Kf2 Rh7 49. Rf8+ Rf7 50. Rh8 Re7 51. Bb4 Rf7 52. Bc5 Kg6 53. Rg8+ Rg7 54. Rf8 Rf7 55. Re8 1/2-1/2

[Event "Anapa op"]
[Site "Anapa"]
[Date "2009.09.01"]
[Round "2"]
[White "Chapliev, Aleksandr"]
[Black "Abrosimov, Nikolay"]
[Result "1-0"]
[WhiteElo "2302"]
[BlackElo "2065"]
[PlyCount "100"]
[EventDate "2009.08.31"]
[EventType "swiss"]
[EventRounds "9"]
[EventCountry "RUS"]
[SourceTitle "CBM 132 Extra"]
[Source "ChessBase"]
[SourceDate "2009.11.03"]
[SourceVersion "1"]
[SourceVersionDate "2009.11.03"]
[SourceQuality "1"]

1. e4 c5 2. Nf3 e6 3. d4 cxd4 4. Nxd4 a6 5. Nc3 b5 6. a3 Bb7 7. Be2 Nf6 8. e5 Nd5 9. Nxd5 Bxd5 10. Bf3 Qc7 11. Bxd5 Qxe5+ 12. Ne2 Qxd5 13. Qxd5 exd5 14. Nf4 d4 15. Nd5 Bd6 16. Nb6 Ra7 17. Nc8 Bc5 18. Nxa7 Bxa7 19. Bf4 0-0 20. 0-0-0 Nc6 21. Bd6 Re8 22. Rhe1 Re6 23. Rxe6 dxe6 24. b4 f6 25. Kd2 e5 26. f3 Kf7 27. a4 Ke6 28. Bf8 g6 29. Ra1 Kd5 30. g4 f5 31. gxf5 gxf5 32. axb5 axb5 33. Rg1 d3 34. Rg7 dxc2 35. Rxh7 Be3+ 36. Kxc2 Nd4+ 37. Kd3 Bf4 38. Rd7+ Ke6 39. Rxd4 exd4 40. h3 Be5 41. h4 Kf7 42. Bc5 Kg6 43. Bxd4 Bg3 44. Bc3 Bxh4 45. Kd4 Be7 46. Bd2 Kf6 47. Kd5 Bf8 48. f4 Be7 49. Bc3+ Kf7 50. Be1 Bf8 1-0